Guess the GD Demon by Image #2 - Statistics

General Stats
  • This quiz has been taken 28 times
  • The average score is 6 of 16
Answer Stats
Picture Answer % Correct
Cataclysm
81%
Windy Landscape
63%
Problematic
56%
Poltergeist
50%
Extinction
44%
hi
44%
ISpyWithMyLittleEye
44%
Phobos
44%
Duelo Maestro
38%
Forsaken Neon
38%
Sakupen Hell
31%
CraZy
25%
Jawbreaker
13%
The Nightmare
13%
Gold Temple
6%
Sidestep
6%
No matching quizzes found
Score Distribution
Percent of People with Each Score
Percentile by Number Answered
Your Score History
You have not taken this quiz